000 00489nam a2200169Ia 4500
003 GCL
008 140319s9999 xx 000 0 eng d
040 _aGCL /
_cGCL
082 0 4 _a615.85154
_bS M
100 1 _aSCHALKWIJK, F.W.
245 1 0 _aMUSIC AND PEOPLE WITH DEVRLOPMENTAL DISABILITIES /
_cSCHALKWIJK, F.W.
260 _a[S.N] :
_bJESSICA KINGSLEY PUBLISHERS ،
_c1994
300 _a112
650 0 4 _aMUSIC - THERAPY
650 0 4 _aMENTALLY HANDICAPPED EDUCATION
942 _2ddc
_cBK
999 _c25336
_d25336